|
|
|
|
| LEADER |
00558cam a2200169 7i4500 |
| 001 |
0000029702 |
| 005 |
20130821090000.0 |
| 090 |
0 |
0 |
|a P 684.1
|b CEN
|
| 110 |
2 |
0 |
|a Central for Industrial Studies (CSIL)
|
| 245 |
2 |
0 |
|a World furniture outlook 2013.
|
| 260 |
0 |
0 |
|a Milano:
|b Centre for Industrial Studies,
|c 2012.
|
| 300 |
# |
# |
|a 120 p.
|
| 440 |
0 |
0 |
|a CSIL : November 2012
|
| 650 |
0 |
0 |
|a Furniture industry and trade
|
| 650 |
0 |
0 |
|a Furniture outlook
|
| 999 |
|
|
|a B000032942
|b Book
|c Products
|e Business Information Centre
|
| 999 |
|
|
|a B000032941
|b Book
|c Products
|e Business Information Centre
|